College Quizbowl Stats
College Quizbowl Stats
Circuits
Seasons
Sets
Records
Detailed Stats
About
Loading...
2023 ARCADIA at Ohio State
Tossups
Bonuses
Players
Teams
Categories (Tossup)
Categories (Bonus)
Ethan
Kenyon B
Categories
Category
Powers
Gets
Negs
BBs
Points
Earliest Buzz
Avg. Buzz
First Buzzes
Top 3 Buzzes
Current Events
0
1
0
0
10
123
123.00
0
1
Fine Arts - Visual Fine Arts
0
1
0
1
10
147
147.00
0
1
Geography
0
1
0
0
10
118
118.00
0
1
Other Science: Earth Science
0
1
0
0
10
85
85.00
1
1
Science - Physics
0
1
0
1
10
124
124.00
0
1
Buzzes
Category
Answer
Value
Buzz Position
Other Science: Earth Science
tires
10
85
Geography
immigrating to the United States
10
118
Current Events
automotive industry
10
123
Science - Physics
time
10
124
Fine Arts - Visual Fine Arts
Moses
0
138
Fine Arts - Visual Fine Arts
Leonardo da Vinci
10
147
Previous
1
Next